Geometry And Art: (Record no. 586439)
[ view plain ]
| 000 -LEADER | |
|---|---|
| fixed length control field | 00415nam a22001337a 4500 |
| 020 ## - INTERNATIONAL STANDARD BOOK NUMBER | |
| International Standard Book Number | 9788857240169 |
| 040 ## - CATALOGING SOURCE | |
| Transcribing agency | NUST |
| 082 ## - DEWEY DECIMAL CLASSIFICATION NUMBER | |
| Classification number | 709.1767 GEO |
| 100 ## - MAIN ENTRY--PERSONAL NAME | |
| Personal name | Zand, Roxane |
| 9 (RLIN) | 82270 |
| 245 ## - TITLE STATEMENT | |
| Title | Geometry And Art: |
| Remainder of title | in the modern middle east |
| 260 ## - PUBLICATION, DISTRIBUTION, ETC. | |
| Place of publication, distribution, etc. | ITaly: |
| Name of publisher, distributor, etc. | Skira Editore S.p.A Thames Hudson, |
| Date of publication, distribution, etc. | 2019. |
| 650 ## - SUBJECT ADDED ENTRY--TOPICAL TERM | |
| Topical term or geographic name entry element | Geometry in art. Islamic art -- Mathematics. Art, Middle Eastern. |
| 9 (RLIN) | 89078 |
| 942 ## - ADDED ENTRY ELEMENTS (KOHA) | |
| Source of classification or shelving scheme | |
| Koha item type | Book |
| Withdrawn status | Lost status | Source of classification or shelving scheme | Damaged status | Not for loan | Permanent Location | Current Location | Shelving location | Date acquired | Total Checkouts | Full call number | Barcode | Date last seen | Price effective from | Koha item type |
|---|---|---|---|---|---|---|---|---|---|---|---|---|---|---|
| College of Electrical & Mechanical Engineering (CEME) | College of Electrical & Mechanical Engineering (CEME) | General Stacks | 09/08/2021 | 709.1767 GEO | CEME-50449 | 09/08/2021 | 09/08/2021 | Book |
